| 000 | 00631nam a2200229 a 4500 | ||
|---|---|---|---|
| 001 | 11105 | ||
| 003 | CO-ViMGA | ||
| 008 | 141112s2004 ck r 000 u spa d | ||
| 020 | _a9800102051 | ||
| 040 |
_aCO-ViMGA _bspa _cCO-ViMGA |
||
| 082 | 0 | 4 | _a398.90987 F31p Ej.1 |
| 100 | 1 |
_aFebres Cordero, Julio _915389 |
|
| 245 | 1 | 0 | _aPorsiacaso de refranes |
| 250 | _a1 | ||
| 260 |
_aCaracas, _cMonte Avila editores, _c1989 |
||
| 490 | _acolección tradiciones | ||
| 590 | _aEjemplares : 2 | ||
| 650 | 1 | 4 |
_aLINGUISTICA - InvestigaciónES VENEZUELA _915390 |
| 650 | 1 | 4 |
_aMAXIMAS _915391 |
| 650 | 1 | 4 |
_aPROVERBIOS _915392 |
| 942 |
_2ddc _cBK |
||
| 999 |
_c22319 _d22319 |
||